[Event "SVK-ch U10 Girls"]
[Site "Tatralandia"]
[Date "2024.04.07"]
[Round "3"]
[White "Kovacikova, Simona"]
[Black "Mrmusova, Marketa"]
[Result "1-0"]
[WhiteElo "1437"]
[BlackElo "1436"]
[PlyCount "53"]
[EventDate "2024.04.05"]
[EventType "swiss"]
[EventRounds "9"]
[EventCountry "SVK"]
[SourceTitle "CB16_2024"]
[SourceDate "2024.04.17"]
[SourceVersion "1"]
[SourceVersionDate "2024.04.17"]
[SourceQuality "1"]

1. e4 c5 2. Nf3 e6 3. d4 cxd4 4. Nxd4 d6 5. Nc3 Nf6 6. Bd3 Be7 7. Be3 0-0 8. 0-0 a6 9. Re1 b5 10. Qf3 Bb7 11. Qg3 Kh8 12. Rad1 Nbd7 13. Bd2 Qc7 14. Nf3 Rad8 15. b3 Rfe8 16. Ng5 Rf8 17. Re3 h6 18. Nf3 Rfe8 19. Re2 Qb6 20. Nh4 g5 21. Nf3 Rc8 22. Qh3 Kg7 23. Rde1 Nc5 24. Qg3 Nxd3 25. cxd3 a5 26. Qh3 Rcd8 27. d4 1-0